Score 0/100 Timer 11:00
0 Plays Today
% Correct
Spain
92.4%
Oxygen
90.6%
Mexico
89.4%
New York, New York
87.8%
Ford
87.2%
Gerald Ford
86%
Hydrogen
85.7%
Los Angeles, California
81.5%
Donald Trump
79.2%
Carbon
79%
Nitrogen
75.9%
Chicago, Illinois
75.7%
Argentina
74.2%
Toyota
74.2%
Helium
73.8%
Michael Jackson
72.7%
Hamlet
71.3%
PlayStation
70.6%
George H.W. Bush
67.9%
Ronald Reagan
67.8%
Houston, Texas
66.8%
Whitney Houston
66.7%
Honda
66.6%
Chile
65.7%
Nintendo Wii
64.6%
USA
64%
Dallas, Texas
63.9%
Andrew Jackson
62.4%
The Beatles
62.3%
Janet Jackson
61.9%
Titanic
61.2%
Serena Williams
60.3%
Peru
59.6%
Colombia
59.3%
% Correct
General Motors
56.2%
PlayStation 2
56.2%
PlayStation 3
55.3%
Venezuela
52.4%
Xbox 360
52.3%
Hyundai-Kia
52.3%
Philadelphia, Pennsylvania
49.8%
John Adams
48.3%
Othello
48.1%
Elvis Presley
46.2%
San Diego, California
45.8%
BMW
45.7%
Madonna
43.7%
Iron
43.6%
Dwight D. Eisenhower
42.1%
Volkswagen
41.1%
Game Boy
40.8%
Cuba
40.7%
Ecuador
40.5%
Nissan
39.8%
Phoenix, Arizona
38.4%
Steffi Graf
34.8%
Neon
33.1%
San Antonio, Texas
31.8%
William Henry Harrison
29.9%
Martina Navratilova
29.4%
Henry V
27.4%
Nintendo DS
27.2%
Fiat
27.2%
Zachary Taylor
26.7%
Mariah Carey
25.3%
San Jose, California
23.7%
Nintendo Entertainment System
23.5%
Richard III
23%
% Correct
Chris Evert
22%
Forrest Gump
22%
Monica Seles
21.6%
Jurassic Park
21.1%
Jurassic Park: The Lost World
21.1%
Sulphur
20.1%
Star Wars: Episode I - The Phantom Menace
19.3%
Silicon
19.1%
Martina Hingis
18.4%
Magnesium
17.3%
James Buchanan
16.9%
Iago [Othello]
15.4%
PSA Peugeot Citroen
14.2%
PlayStation Portable
14.2%
The Lion King
12.5%
Rihanna
12.1%
Game Boy Advance
11.2%
Antony [Antony and Cleopatra]
10.7%
Lindsay Davenport
9.3%
Independence Day
8.5%
Justine Henin
8.3%
Falstaff [Henry IV, Parts I and II]
7.4%
Men in Black
5.3%
Stevie Wonder
4.2%
The Supremes
3.3%
Armageddon
3.2%
Caroline Wozniacki
3.1%
The Sixth Sense
2.6%
Coriolanus
2.6%
Timon [Timon of Athens]
2.3%
Victoria Azarenka
2%
Vincentio [Measure for Measure]
0.4%
Remove Ads.
Support Sporcle.
Get the best of Sporcle when you Go Orange. This ad-free experience offers more features, more stats, and more fun while also helping to support Sporcle. Thank you for becoming a member.

You're not logged in!

Compare scores with friends on all Sporcle quizzes.
OR
Log In

Show Comments

Extras

Top Quizzes Today


Score Distribution

Your Account Isn't Verified!

In order to create a playlist on Sporcle, you need to verify the email address you used during registration. Go to your Sporcle Settings to finish the process.

Report this User

Report this user for behavior that violates our Community Guidelines.

Details: